000 01017nam a22003017a 4500
003 CHAP
005 20220329141537.0
008 971013s1987 r 00010 d
010 _a69933
011 _a70905
035 _a80459
040 _cCHAP
100 0 0 _aLópez Olivares, Froylán.
_968174
245 _aDinámica poblacional de insectos presentes en el cultivo del mango (Mangifera indica L.) en el municipio del Barrio de la Soledad Oaxaca en el ciclo dic. 1985- Jun. 1986
260 _aMarín, N. L. :
_bEl autor,
_c1987
300 _a122 h.
_b: gráfs.
500 _aD18-215
590 _aBATCH-UPD
_b10
_c20130110
_lUCH01
_h0420
590 _aBATCH-UPD
_b10
_c20130410
_lUCH01
_h0055
590 _aBATCH-UPD
_b10
_c20130914
_lUCH01
_h1733
590 _aCONVERSION
_b10
_c20130109
_lUCH01
_h1338
650 1 4 _aMango
_xPlagas.
_970443
650 1 4 _aMango
_zOaxaca.
_970461
700 0 _aMontañez Díaz, Ramiro.
_977738
901 _aBK
942 _cTESIS
949 _bBC
_cTES
_d-33362
_eTS1
_h20155
_i80459
_si
999 _c69933
_d69933